[Event "Vlissingen HZ op 15th"]
[Site "Vlissingen"]
[Date "2011.08.06"]
[Round "9"]
[White "Hamelink, Desiree"]
[Black "Dahm, Jochen"]
[Result "1/2-1/2"]
[WhiteElo "2220"]
[BlackElo "2345"]
[PlyCount "102"]
[EventDate "2011.07.30"]
[EventType "swiss"]
[EventRounds "9"]
[EventCountry "NED"]
[SourceTitle "CBM 143 Extra"]
[Source "ChessBase"]
[SourceDate "2011.08.29"]
[SourceVersion "1"]
[SourceVersionDate "2011.08.29"]
[SourceQuality "1"]

1. c4 Nf6 2. g3 e6 3. Bg2 c5 4. Nf3 b6 5. 0-0 Bb7 6. Nc3 a6 7. b3 Be7 8. Bb2 0-0 9. e3 Qc7 10. Rc1 d6 11. Qe2 Nbd7 12. d4 Rfe8 13. Rfd1 Ne4 14. Nxe4 Bxe4 15. Ne1 Bxg2 16. Nxg2 Qb7 17. Nf4 cxd4 18. exd4 Bg5 19. Qg4 h6 20. Rc3 Rac8 21. h4 Nf6 22. Qf3 Qxf3 23. Rxf3 Bxf4 24. Rxf4 d5 25. Rc1 Ne4 26. Rf3 g5 27. hxg5 hxg5 28. Rd3 g4 29. Kg2 Ng5 30. Ba3 Nf3 31. c5 Kg7 32. Kf1 Rc6 33. b4 b5 34. Bb2 Rh8 35. Ke2 Ng5 36. Rdd1 f5 37. Rh1 Nf7 38. Rxh8 Nxh8 39. Ra1 Ng6 40. Ke3 Ne7 41. a4 bxa4 42. Rxa4 Kf6 43. Bc3 Ng6 44. Ra5 f4+ 45. gxf4 Kf5 46. b5 axb5 47. Rxb5 Nxf4 48. Rb8 Ng2+ 49. Kd3 Nf4+ 50. Ke3 Ng2+ 51. Kd3 Nf4+ 1/2-1/2

[Event "Vlissingen HZ op 15th"]
[Site "Vlissingen"]
[Date "2011.07.31"]
[Round "2"]
[White "Onrust, Benny"]
[Black "Hamelink, Desiree"]
[Result "0-1"]
[WhiteElo "1957"]
[BlackElo "2220"]
[PlyCount "80"]
[EventDate "2011.07.30"]
[EventType "swiss"]
[EventRounds "9"]
[EventCountry "NED"]
[SourceTitle "CBM 143 Extra"]
[Source "ChessBase"]
[SourceDate "2011.08.29"]
[SourceVersion "1"]
[SourceVersionDate "2011.08.29"]
[SourceQuality "1"]

1. e4 c5 2. d4 cxd4 3. c3 dxc3 4. Nxc3 Nc6 5. Nf3 e6 6. Bf4 a6 7. Bc4 Nf6 8. 0-0 Be7 9. Qe2 0-0 10. Rfd1 b5 11. Bb3 Bb7 12. Rac1 Rc8 13. e5 Nh5 14. Be3 g6 15. Bh6 Re8 16. Ne4 Na5 17. Bc2 Nc4 18. g4 Ng7 19. b3 Na3 20. Bg5 Rxc2 21. Rxc2 Bxe4 22. Bxe7 Qa8 23. Bxa3 Bxf3 24. Qd2 Bxd1 25. Qxd1 Qe4 26. Qe2 Qxe2 27. Rxe2 Rc8 28. Rd2 Rc7 29. Kg2 g5 30. Bb4 Ne8 31. Ba5 Rb7 32. Rc2 f6 33. Bd2 fxe5 34. Bxg5 Kf7 35. h4 Rc7 36. Re2 d6 37. f4 exf4 38. Bxf4 e5 39. Bg3 Ke6 40. b4 Rc4 0-1

[Event "Vlissingen HZ op 15th"]
[Site "Vlissingen"]
[Date "2011.07.30"]
[Round "1"]
[White "Hamelink, Desiree"]
[Black "Peters, Harry"]
[Result "1-0"]
[WhiteElo "2220"]
[BlackElo "1827"]
[PlyCount "69"]
[EventDate "2011.07.30"]
[EventType "swiss"]
[EventRounds "9"]
[EventCountry "NED"]
[SourceTitle "CBM 143 Extra"]
[Source "ChessBase"]
[SourceDate "2011.08.29"]
[SourceVersion "1"]
[SourceVersionDate "2011.08.29"]
[SourceQuality "1"]

1. e4 c6 2. d4 d5 3. Nd2 dxe4 4. Nxe4 Bf5 5. Ng3 Bg6 6. h4 h6 7. Nf3 e6 8. h5 Bh7 9. Bd3 Bxd3 10. Qxd3 Nf6 11. Bd2 Qb6 12. 0-0-0 Nbd7 13. Ne4 Nxe4 14. Qxe4 Nf6 15. Qe2 Bd6 16. c4 Qc7 17. Kb1 0-0 18. g4 Bf4 19. g5 hxg5 20. Nxg5 Bxg5 21. Bxg5 Nh7 22. Be3 f6 23. Rdg1 Qf7 24. Bh6 Ng5 25. Bxg5 fxg5 26. Rxg5 Qxf2 27. Qxe6+ Qf7 28. Qg4 Qxc4 29. Rxg7+ Kh8 30. Rh7+ Kxh7 31. Qg6+ Kh8 32. Qh6+ Kg8 33. Rg1+ Kf7 34. Rg7+ Ke8 35. Qe3+ 1-0

[Event "Spijkenisse op"]
[Site "Spijkenisse"]
[Date "2010.05.16"]
[Round "5"]
[White "Hamelink, Desiree"]
[Black "Lahaye, Rick"]
[Result "0-1"]
[WhiteElo "2245"]
[BlackElo "2363"]
[PlyCount "68"]
[EventDate "2010.05.14"]
[EventType "swiss"]
[EventRounds "6"]
[EventCountry "NED"]
[SourceTitle "CBM 136 Extra"]
[Source "ChessBase"]
[SourceDate "2010.07.02"]
[SourceVersion "2"]
[SourceVersionDate "2010.07.15"]
[SourceQuality "1"]

1. e4 c5 2. Nf3 d6 3. Bb5+ Nd7 4. 0-0 Ngf6 5. Re1 a6 6. Bxd7+ Nxd7 7. c4 e6 8. Nc3 Be7 9. b3 Ne5 10. Qe2 Bf6 11. Bb2 Bd7 12. h3 b5 13. Nxe5 Bxe5 14. d3 0-0 15. Nd1 Bc6 16. Bxe5 dxe5 17. Qe3 Rc8 18. Nb2 Qe7 19. Rec1 b4 20. a3 bxa3 21. Rxa3 Bb7 22. Ra5 Rfd8 23. Rca1 f6 24. Kf1 Rd4 25. Ke2 Rcd8 26. f3 f5 27. b4 fxe4 28. Rxc5 exd3+ 29. Kd2 e4 30. f4 R4d7 31. Raa5 Qf8 32. Na4 e5 33. g3 Rf7 34. Rxe5 Qxb4+ 0-1

[Event "Spijkenisse op"]
[Site "Spijkenisse"]
[Date "2010.05.15"]
[Round "2"]
[White "Lahaye, Rick"]
[Black "Hamelink, Desiree"]
[Result "1-0"]
[WhiteElo "2363"]
[BlackElo "2245"]
[PlyCount "73"]
[EventDate "2010.05.14"]
[EventType "swiss"]
[EventRounds "6"]
[EventCountry "NED"]
[SourceTitle "CBM 136 Extra"]
[Source "ChessBase"]
[SourceDate "2010.07.02"]
[SourceVersion "2"]
[SourceVersionDate "2010.07.15"]
[SourceQuality "1"]

1. d4 d5 2. Nf3 Nf6 3. Bf4 e6 4. e3 Nbd7 5. Bd3 Be7 6. h3 c5 7. c3 b6 8. Nbd2 Bb7 9. Ne5 Nxe5 10. Bxe5 0-0 11. Qc2 h6 12. g4 Nd7 13. Bg3 Bh4 14. Rg1 Bxg3 15. Rxg3 cxd4 16. exd4 e5 17. dxe5 Nxe5 18. Nb3 Nxd3+ 19. Qxd3 Re8+ 20. Re3 Qh4 21. Qe2 Kf8 22. Kd2 Rxe3 23. Qxe3 Re8 24. Qg3 Qxg3 25. fxg3 g6 26. Nd4 Re5 27. a4 a6 28. Ra3 h5 29. Rb3 hxg4 30. hxg4 Bc8 31. Rxb6 Bxg4 32. Rxa6 Rh5 33. b4 Rh2+ 34. Ke3 g5 35. b5 Rg2 36. b6 Rxg3+ 37. Kf2 1-0

[Event "BEL-chT 0809"]
[Site "Belgium"]
[Date "2009.03.22"]
[Round "11"]
[White "Fischer, Marc1111"]
[Black "Hamelink, Desiree"]
[Result "1/2-1/2"]
[WhiteElo "1867"]
[BlackElo "2199"]
[PlyCount "43"]
[EventDate "2008.10.05"]
[EventType "team-tourn"]
[EventRounds "11"]
[EventCountry "BEL"]
[SourceTitle "EXT 2010"]
[Source "ChessBase"]
[SourceDate "2010.11.25"]
[SourceVersion "1"]
[SourceVersionDate "2010.11.25"]
[SourceQuality "1"]
[WhiteTeam "Brussels"]
[BlackTeam "Bredene II"]
[WhiteTeamCountry "BEL"]
[BlackTeamCountry "BEL"]

1. e4 c5 2. Nf3 d6 3. d4 cxd4 4. Nxd4 Nf6 5. Nc3 a6 6. Be2 e5 7. Nb3 Be6 8. 0-0 Be7 9. f4 Qc7 10. Nd5 Bxd5 11. exd5 Nbd7 12. c4 0-0 13. Be3 Ne4 14. Rc1 f5 15. Nd2 Nxd2 16. Qxd2 e4 17. b4 b6 18. Rfd1 Bf6 19. c5 bxc5 20. bxc5 Rfb8 21. c6 Nf8 22. Rb1 1/2-1/2

[Event "BEL-chT 0809"]
[Site "Belgium"]
[Date "2008.10.05"]
[Round "1.8"]
[White "Vandamme, Francois"]
[Black "Hamelink, Desiree"]
[Result "0-1"]
[WhiteElo "2039"]
[BlackElo "2199"]
[PlyCount "54"]
[EventDate "2008.10.05"]
[EventType "team-tourn"]
[EventRounds "11"]
[EventCountry "BEL"]
[SourceTitle "CBM 127 Extra"]
[Source "ChessBase"]
[SourceDate "2009.01.08"]
[SourceVersion "2"]
[SourceVersionDate "2009.01.28"]
[SourceQuality "1"]
[WhiteTeam "Bredene"]
[BlackTeam "Bredene II"]
[WhiteTeamCountry "BEL"]
[BlackTeamCountry "BEL"]

1. d4 d5 2. c4 c6 3. Nf3 Nf6 4. Nc3 dxc4 5. a4 Bf5 6. e3 e6 7. Bxc4 Bb4 8. 0-0 Nbd7 9. Qe2 Bg4 10. h3 Bh5 11. e4 0-0 12. Rd1 Qa5 13. e5 Nd5 14. Ne4 c5 15. g4 Bg6 16. Nxc5 Nxc5 17. dxc5 Qxc5 18. Bxd5 exd5 19. Be3 Qa5 20. Nd4 Rfd8 21. f4 Be4 22. f5 Rac8 23. e6 fxe6 24. fxe6 Qc7 25. Bf2 Qe5 26. Rac1 Bd6 27. Rxc8 Qh2+ 0-1

[Event "Hoogeveen Essent op"]
[Site "Hoogeveen"]
[Date "2007.10.15"]
[Round "4"]
[White "Hamelink, Desiree"]
[Black "Meurs, Tom WA"]
[Result "1-0"]
[WhiteElo "2202"]
[BlackElo "2051"]
[PlyCount "67"]
[EventDate "2007.10.12"]
[EventType "swiss"]
[EventRounds "9"]
[EventCountry "NED"]
[SourceTitle "CBM 120 Extra"]
[Source "ChessBase"]
[SourceDate "2007.11.01"]
[SourceVersion "1"]
[SourceVersionDate "2007.11.01"]
[SourceQuality "1"]

1. c4 c6 2. g3 d5 3. b3 e5 4. Bb2 d4 5. Nf3 f6 6. Bg2 Be6 7. 0-0 Nd7 8. e3 c5 9. exd4 cxd4 10. Bxd4 exd4 11. Nxd4 Bf7 12. Bxb7 Rb8 13. Re1+ Be7 14. Nc6 Rxb7 15. Nxd8 Kxd8 16. Qf3 Rb8 17. d4 Bb4 18. Nc3 Ne7 19. Red1 h5 20. Ne4 h4 21. a3 Ba5 22. Nd6 Bh5 23. g4 Bc7 24. gxh5 Bxd6 25. c5 Bc7 26. Re1 g6 27. c6 Nxc6 28. Qxc6 Rxh5 29. Qe6 Bf4 30. Qe7+ Kc7 31. Rac1+ Bxc1 32. Rxc1+ Kb6 33. Qxd7 Rg5+ 34. Kf1 1-0

[Event "Hoogeveen Essent op"]
[Site "Hoogeveen"]
[Date "2007.10.13"]
[Round "2"]
[White "Hamelink, Desiree"]
[Black "Fernandez, Daniel Howard"]
[Result "1-0"]
[WhiteElo "2202"]
[BlackElo "2102"]
[PlyCount "57"]
[EventDate "2007.10.12"]
[EventType "swiss"]
[EventRounds "9"]
[EventCountry "NED"]
[SourceTitle "CBM 120 Extra"]
[Source "ChessBase"]
[SourceDate "2007.11.01"]
[SourceVersion "1"]
[SourceVersionDate "2007.11.01"]
[SourceQuality "1"]

1. e4 e5 2. Nf3 Nc6 3. Nc3 Nf6 4. d4 exd4 5. Nxd4 Bb4 6. Nxc6 bxc6 7. Bd3 0-0 8. 0-0 Re8 9. Qf3 h6 10. a3 Bc5 11. Bf4 d5 12. h3 Rb8 13. e5 Nd7 14. Qg3 Kh8 15. e6 Nf6 16. Bxc7 Nh5 17. Qh2 Qg5 18. exf7 Rf8 19. Bxb8 Rxf7 20. Rae1 Bd7 21. Na4 Bf8 22. Re5 Qh4 23. Bg6 Rf6 24. Rxh5 Qxa4 25. Bd3 Qa5 26. Be5 d4 27. Bxf6 Qxh5 28. Bxd4 Qh4 29. Qb8 1-0

[Event "NED-ch (Women)"]
[Site "Hilversum"]
[Date "2007.06.22"]
[Round "4"]
[White "Hamelink, Desiree"]
[Black "Muhren, Bianca"]
[Result "1/2-1/2"]
[WhiteElo "2220"]
[BlackElo "2311"]
[PlyCount "86"]
[EventDate "2007.06.18"]
[EventType "tourn"]
[EventRounds "9"]
[EventCountry "NED"]
[SourceTitle "CBM 119 Extra"]
[Source "ChessBase"]
[SourceDate "2007.09.04"]
[SourceVersion "1"]
[SourceVersionDate "2007.09.04"]
[SourceQuality "1"]

1. e4 c5 2. Nf3 d6 3. d4 cxd4 4. Nxd4 Nf6 5. Nc3 a6 6. Bg5 e6 7. f4 Qc7 8. Bxf6 gxf6 9. Qd2 Nc6 10. 0-0-0 Bd7 11. Kb1 Nxd4 12. Qxd4 Be7 13. Be2 h5 14. Rhf1 Rc8 15. f5 Qc5 16. Qd3 b5 17. fxe6 fxe6 18. a3 Qe5 19. Rf3 h4 20. g3 Bc6 21. Rf4 hxg3 22. hxg3 Kf7 23. Bg4 Bb7 24. Bf3 Rc4 25. Ne2 a5 26. b3 Rc5 27. Nd4 b4 28. Bg4 Bc8 29. Nf3 Qc3 30. Qxc3 bxc3 31. Nh4 Rg5 32. Nf3 Rc5 33. Nh4 e5 34. Rf5 Bxf5 35. Bxf5 Rg8 36. Rd3 a4 37. b4 Rc4 38. Ka2 Rc7 39. g4 Rh8 40. Bg6+ Kg7 41. Bh5 Kh6 42. Nf5+ Kg5 43. Ne3 Rh7 1/2-1/2

[Event "NED-ch (Women)"]
[Site "Hilversum"]
[Date "2007.06.19"]
[Round "2"]
[White "Hamelink, Desiree"]
[Black "Otten, Colleen"]
[Result "1-0"]
[WhiteElo "2220"]
[BlackElo "2038"]
[PlyCount "55"]
[EventDate "2007.06.18"]
[EventType "tourn"]
[EventRounds "9"]
[EventCountry "NED"]
[SourceTitle "CBM 119 Extra"]
[Source "ChessBase"]
[SourceDate "2007.09.04"]
[SourceVersion "1"]
[SourceVersionDate "2007.09.04"]
[SourceQuality "1"]

1. e4 e6 2. d4 d5 3. Nd2 Nf6 4. e5 Nfd7 5. Bd3 c5 6. c3 Nc6 7. Ne2 cxd4 8. cxd4 f6 9. exf6 Nxf6 10. 0-0 Bd6 11. Nf3 Qc7 12. Ng3 0-0 13. Bg5 e5 14. dxe5 Nxe5 15. Nxe5 Bxe5 16. Rc1 Qb6 17. b3 Ng4 18. Qe2 h6 19. Be7 Re8 20. Bc5 Qd8 21. Qf3 Nxh2 22. Kxh2 Qh4+ 23. Kg1 Bf4 24. Rce1 Be6 25. Bg6 Rec8 26. Rxe6 Rxc5 27. Rfe1 Rf8 28. Re8 1-0

[Event "NED-ch (Women)"]
[Site "Hilversum"]
[Date "2007.06.18"]
[Round "1"]
[White "Van Nies, Pauline"]
[Black "Hamelink, Desiree"]
[Result "1/2-1/2"]
[WhiteElo "2174"]
[BlackElo "2220"]
[PlyCount "30"]
[EventDate "2007.06.18"]
[EventType "tourn"]
[EventRounds "9"]
[EventCountry "NED"]
[SourceTitle "CBM 119 Extra"]
[Source "ChessBase"]
[SourceDate "2007.09.04"]
[SourceVersion "1"]
[SourceVersionDate "2007.09.04"]
[SourceQuality "1"]

1. e4 c5 2. Nf3 e6 3. d4 cxd4 4. Nxd4 a6 5. Nc3 b5 6. Bd3 Qb6 7. Nb3 Qc7 8. 0-0 Bb7 9. f4 b4 10. Ne2 Nf6 11. Ng3 d6 12. Qe1 Nc6 13. Kh1 Be7 14. Be3 h5 15. h3 Nd7 1/2-1/2

[Event "BCF-chT 0607 (4NCL)"]
[Site "Sunningdale"]
[Date "2007.05.07"]
[Round "11.7"]
[White "Hamelink, Desiree"]
[Black "Buckley, David"]
[Result "1/2-1/2"]
[WhiteElo "2220"]
[BlackElo "2236"]
[PlyCount "85"]
[EventDate "2006.09.16"]
[EventType "team"]
[EventRounds "11"]
[EventCountry "ENG"]
[SourceTitle "EXT 2008"]
[Source "ChessBase"]
[SourceDate "2007.11.25"]
[SourceVersion "1"]
[SourceVersionDate "2007.11.25"]
[SourceQuality "1"]
[WhiteTeam "3CS Oldham"]
[BlackTeam "Bristol"]
[WhiteTeamCountry "ENG"]
[BlackTeamCountry "ENG"]

1. e4 Nf6 2. e5 Nd5 3. g3 d6 4. exd6 Qxd6 5. Bg2 e5 6. Ne2 Nc6 7. Nbc3 Be6 8. 0-0 0-0-0 9. a3 Be7 10. b4 h5 11. Ne4 Qd7 12. c4 Nf6 13. Qc2 Nxe4 14. Bxe4 Nd4 15. Nxd4 Qxd4 16. d3 f5 17. Bb2 Qd7 18. Bg2 Bf6 19. Rad1 h4 20. Qe2 Rde8 21. b5 Kb8 22. a4 g5 23. a5 Qh7 24. Bh1 Bc8 25. a6 g4 26. axb7 Bxb7 27. Bxb7 Kxb7 28. Ra1 hxg3 29. fxg3 Bg5 30. Qg2+ Kb8 31. Bc1 Bxc1 32. Rfxc1 Qd7 33. Qf2 Qd4 34. Ra2 Rd8 35. Qxd4 Rxd4 36. Rca1 Rxd3 37. Rxa7 Rd1+ 38. Rxd1 Kxa7 39. Rd7 Kb6 40. Rf7 Rh5 41. Kg2 e4 42. Rf6+ Kb7 43. Rf7 1/2-1/2

[Event "Tilburg Stukkenjagers op-A"]
[Site "Tilburg"]
[Date "2006.08.20"]
[Round "6"]
[White "Afek, Yochanan"]
[Black "Hamelink, Desiree"]
[Result "1-0"]
[WhiteElo "2316"]
[BlackElo "2214"]
[PlyCount "67"]
[EventDate "2006.08.18"]
[EventType "swiss"]
[EventRounds "6"]
[EventCountry "NED"]
[SourceTitle "CBM 113 Extra"]
[Source "ChessBase"]
[SourceDate "2006.09.14"]
[SourceVersion "1"]
[SourceVersionDate "2006.09.14"]
[SourceQuality "1"]

1. e4 c5 2. Nf3 d6 3. d4 cxd4 4. Nxd4 Nf6 5. Nc3 a6 6. Bc4 e6 7. Bb3 b5 8. f3 b4 9. Nce2 Bd7 10. g4 Be7 11. Ng3 h6 12. Be3 Nc6 13. Kf2 Qc7 14. h4 d5 15. exd5 Nxd5 16. Bxd5 exd5 17. Ndf5 g6 18. Nxe7 Nxe7 19. Qd4 Qxc2+ 20. Ne2 Rh7 21. Rac1 Qa4 22. Qf6 d4 23. Nxd4 Qxa2 24. Rhe1 Be6 25. Bf4 Rd8 26. Nxe6 fxe6 27. Rxe6 Rf7 28. Qh8+ Rf8 29. Qe5 Qxe6 30. Qxe6 Rxf4 31. Re1 Rf7 32. Qxg6 Rd2+ 33. Kg3 Rxb2 34. Qg8+ 1-0

[Event "Tilburg Stukkenjagers op-A"]
[Site "Tilburg"]
[Date "2006.08.19"]
[Round "3"]
[White "Hamelink, Desiree"]
[Black "Smerdon, David"]
[Result "0-1"]
[WhiteElo "2214"]
[BlackElo "2472"]
[PlyCount "86"]
[EventDate "2006.08.18"]
[EventType "swiss"]
[EventRounds "6"]
[EventCountry "NED"]
[SourceTitle "CBM 113 Extra"]
[Source "ChessBase"]
[SourceDate "2006.09.14"]
[SourceVersion "1"]
[SourceVersionDate "2006.09.14"]
[SourceQuality "1"]

1. e4 d5 2. exd5 Nf6 3. d4 Bg4 4. Be2 Bxe2 5. Nxe2 Qxd5 6. 0-0 e6 7. Nd2 c5 8. Nf3 Nc6 9. Nf4 Qf5 10. c3 Bd6 11. Ne2 0-0 12. Qb3 Rab8 13. dxc5 Bxc5 14. Ng3 Qg4 15. Bg5 h6 16. Bxf6 gxf6 17. Qb5 Be7 18. h3 Qg6 19. Rad1 a6 20. Qb6 Bd8 21. Qe3 Bc7 22. Ne2 Rbd8 23. Nf4 Qf5 24. Ne2 Kh7 25. Rxd8 Rxd8 26. Ned4 Nxd4 27. Nxd4 Qd5 28. Qe2 f5 29. a3 Qd6 30. Nf3 e5 31. Nh4 e4 32. g3 Qe6 33. Re1 Rd5 34. c4 Rd4 35. Qh5 Rxc4 36. Nxf5 Rc5 37. g4 Bf4 38. Qh4 Bd2 39. Re2 Rc1+ 40. Kg2 Bg5 41. Qg3 Qd5 42. Qd6 Qd3 43. Nd4 Qd1 0-1

[Event "Tilburg Stukkenjagers op-A"]
[Site "Tilburg"]
[Date "2006.08.19"]
[Round "2"]
[White "Peek, Maurice"]
[Black "Hamelink, Desiree"]
[Result "1/2-1/2"]
[WhiteElo "2375"]
[BlackElo "2214"]
[PlyCount "64"]
[EventDate "2006.08.18"]
[EventType "swiss"]
[EventRounds "6"]
[EventCountry "NED"]
[SourceTitle "CBM 113 Extra"]
[Source "ChessBase"]
[SourceDate "2006.09.14"]
[SourceVersion "1"]
[SourceVersionDate "2006.09.14"]
[SourceQuality "1"]

1. d4 d5 2. c4 c6 3. cxd5 cxd5 4. Nc3 Nc6 5. Bf4 e6 6. e3 Bd6 7. Bxd6 Qxd6 8. Bd3 Nf6 9. f4 Bd7 10. Nf3 Ng4 11. Qd2 f6 12. Rc1 0-0 13. h3 Nh6 14. 0-0 Rac8 15. e4 dxe4 16. Nxe4 Qe7 17. Nc5 b6 18. Nxd7 Qxd7 19. Ba6 Rc7 20. Qc3 Nf5 21. d5 exd5 22. g4 Nd6 23. Rfd1 Ne4 24. Qc2 Rf7 25. Qe2 h5 26. Bc4 Ne7 27. Bb5 Qd6 28. Qe3 Rxc1 29. Rxc1 Rf8 30. Nd4 Ng6 31. Rf1 Rc8 32. Bd3 hxg4 1/2-1/2

[Event "Bruges Masters"]
[Site "Bruges"]
[Date "2006.02.26"]
[Round "2"]
[White "Leenhouts, Koen"]
[Black "Hamelink, Desiree"]
[Result "1-0"]
[WhiteElo "2398"]
[BlackElo "2181"]
[PlyCount "97"]
[EventDate "2006.02.26"]
[EventType "tourn"]
[EventRounds "9"]
[EventCountry "BEL"]
[EventCategory "4"]
[SourceTitle "CBM 111 Extra"]
[Source "ChessBase"]
[SourceDate "2006.05.09"]
[SourceVersion "1"]
[SourceVersionDate "2006.05.09"]
[SourceQuality "1"]

1. e4 c5 2. Nf3 d6 3. Nc3 Nc6 4. d4 cxd4 5. Nxd4 a6 6. Bc4 e6 7. Bb3 Be7 8. 0-0 Nf6 9. Be3 Qc7 10. f4 b5 11. f5 Nxd4 12. Qxd4 0-0 13. a4 e5 14. Qd1 bxa4 15. Rxa4 Bd7 16. g4 Qb7 17. Rc4 Bb5 18. Rb4 d5 19. Rxb5 axb5 20. Nxd5 Rad8 21. Qf3 Nxd5 22. exd5 Bd6 23. f6 g6 24. h4 Rd7 25. h5 Re8 26. Qe4 Qc7 27. c3 Qa5 28. Kg2 Rc8 29. hxg6 fxg6 30. g5 Rf7 31. Rh1 Qc7 32. Qg4 Qd7 33. Bd1 Rc4 34. Qxd7 Rxd7 35. Be2 Re4 36. Kf3 Rxe3+ 37. Kxe3 b4 38. cxb4 Bxb4 39. Ke4 Bd6 40. Rc1 Rb7 41. Rc6 Rxb2 42. Rxd6 Rxe2+ 43. Kf3 Rd2 44. Rd7 Rd4 45. d6 Rf4+ 46. Ke3 h5 47. Rg7+ Kf8 48. d7 Rd4 49. Re7 1-0

[Event "EU-ch (Women) 6th"]
[Site "Kishinev"]
[Date "2005.06.18"]
[Round "8"]
[White "Mar, Karmen"]
[Black "Hamelink, Desiree"]
[Result "1-0"]
[WhiteElo "2119"]
[BlackElo "2244"]
[PlyCount "109"]
[EventDate "2005.06.11"]
[EventType "swiss"]
[EventRounds "12"]
[EventCountry "MDA"]
[SourceTitle "CBM 106 Extra"]
[Source "ChessBase"]
[SourceDate "2005.07.01"]
[SourceVersion "1"]
[SourceVersionDate "2005.07.01"]
[SourceQuality "1"]

1. e4 c5 2. Nf3 e6 3. Nc3 Nc6 4. Bb5 Nge7 5. 0-0 a6 6. Bxc6 Nxc6 7. d4 cxd4 8. Nxd4 Qc7 9. Nxc6 bxc6 10. Qg4 f6 11. Re1 d6 12. Qg3 Kf7 13. f4 Bb7 14. e5 d5 15. f5 Bc5+ 16. Kh1 Rae8 17. Bf4 Qd7 18. exf6 gxf6 19. fxe6+ Rxe6 20. Rxe6 Qxe6 21. Re1 Qd7 22. Qd3 Bc8 23. Ne2 Qf5 24. Qc3 Re8 25. Qxc5 Qxf4 26. Qa7+ Kg8 27. Nxf4 Rxe1+ 28. Qg1 Rxg1+ 29. Kxg1 Kf7 30. Kf2 Ke7 31. Ke3 Kd6 32. b4 a5 33. bxa5 c5 34. c3 Ba6 35. h4 Ke5 36. g3 Bb5 37. h5 Bc4 38. a3 Bb5 39. Ng6+ Kf5 40. Ne7+ Ke6 41. Nc8 Kd7 42. Nb6+ Kd6 43. Kd2 f5 44. c4 dxc4 45. Kc3 Kc7 46. Nxc4 Be8 47. h6 Kc6 48. a4 Kc7 49. Ne3 Bd7 50. Nd5+ Kd6 51. Nf6 Bxa4 52. Nxh7 Ke7 53. Ng5 Kf6 54. h7 Kg7 55. a6 1-0

[Event "EU-ch (Women) 6th"]
[Site "Kishinev"]
[Date "2005.06.17"]
[Round "7"]
[White "Hamelink, Desiree"]
[Black "Lupik, Marina"]
[Result "1/2-1/2"]
[WhiteElo "2244"]
[BlackElo "2123"]
[PlyCount "101"]
[EventDate "2005.06.11"]
[EventType "swiss"]
[EventRounds "12"]
[EventCountry "MDA"]
[SourceTitle "CBM 106 Extra"]
[Source "ChessBase"]
[SourceDate "2005.07.01"]
[SourceVersion "1"]
[SourceVersionDate "2005.07.01"]
[SourceQuality "1"]

1. e4 c5 2. Nf3 d6 3. d4 cxd4 4. Nxd4 Nf6 5. Nc3 a6 6. Be2 e5 7. Nb3 Be7 8. 0-0 Be6 9. f4 exf4 10. Bxf4 Nc6 11. Kh1 0-0 12. Qe1 b5 13. Rd1 Qc7 14. Nd5 Bxd5 15. exd5 Ne5 16. c3 Rfe8 17. Qg3 Ng6 18. Bc1 Ne4 19. Qf3 Bf6 20. Bd3 Nc5 21. Bc2 Nxb3 22. axb3 Re7 23. Rf2 Rae8 24. Rdf1 Qc5 25. g4 Bh4 26. Rg2 Qa7 27. Bd2 Be1 28. Bg5 Re5 29. Bxg6 hxg6 30. Bf4 Re4 31. Bxd6 Qd7 32. Bb4 Qxd5 33. c4 Qd7 34. Bxe1 Rxe1 35. Rgf2 f6 36. Rxe1 Rxe1+ 37. Kg2 Qd4 38. Qf4 Re4 39. Qb8+ Kh7 40. h3 bxc4 41. bxc4 Qxc4 42. Qb7 Re2 43. Rxe2 Qxe2+ 44. Kg3 Qb5 45. Qxb5 axb5 46. Kf3 Kh6 47. h4 f5 48. b4 Kh7 49. gxf5 gxf5 50. Kf4 g6 51. Ke5 1/2-1/2

[Event "EU-ch (Women) 6th"]
[Site "Kishinev"]
[Date "2005.06.13"]
[Round "3"]
[White "Hamelink, Desiree"]
[Black "Matnadze, Ana"]
[Result "1/2-1/2"]
[WhiteElo "2244"]
[BlackElo "2376"]
[PlyCount "80"]
[EventDate "2005.06.11"]
[EventType "swiss"]
[EventRounds "12"]
[EventCountry "MDA"]
[SourceTitle "CBM 106 Extra"]
[Source "ChessBase"]
[SourceDate "2005.07.01"]
[SourceVersion "1"]
[SourceVersionDate "2005.07.01"]
[SourceQuality "1"]

1. e4 c5 2. Nf3 d6 3. d4 cxd4 4. Nxd4 Nf6 5. Nc3 Nc6 6. Bg5 Bd7 7. Qd2 Rc8 8. Nxc6 Bxc6 9. f3 Qa5 10. Nb5 Qxd2+ 11. Bxd2 a6 12. Na7 Ra8 13. Nxc6 bxc6 14. 0-0-0 a5 15. g4 Nd7 16. Bg2 a4 17. a3 e6 18. Rhe1 Be7 19. f4 e5 20. f5 h6 21. Kb1 Bh4 22. Re3 Ke7 23. Rd3 Nc5 24. Rc3 Rhc8 25. Be3 Nb7 26. Ka2 c5 27. Bf1 Rc6 28. Bc4 Rb6 29. Bd5 Rb8 30. b4 axb3+ 31. cxb3 Bg5 32. Rg1 Kf8 33. Bf2 Nd8 34. h4 Bf4 35. Rd3 Ke7 36. Bc4 Rc6 37. Be1 f6 38. Bd5 Ra6 39. Bc4 Rc6 40. Bf2 Nb7 1/2-1/2

[Event "EU-ch (Women) 6th"]
[Site "Kishinev"]
[Date "2005.06.12"]
[Round "2"]
[White "Hamelink, Desiree"]
[Black "Talmazan, Olga"]
[Result "1-0"]
[WhiteElo "2244"]
[BlackElo "2013"]
[PlyCount "125"]
[EventDate "2005.06.11"]
[EventType "swiss"]
[EventRounds "12"]
[EventCountry "MDA"]
[SourceTitle "CBM 106 Extra"]
[Source "ChessBase"]
[SourceDate "2005.07.01"]
[SourceVersion "1"]
[SourceVersionDate "2005.07.01"]
[SourceQuality "1"]

1. e4 c6 2. d4 d5 3. Nd2 dxe4 4. Nxe4 Bf5 5. Ng3 Bg6 6. h4 h6 7. N1e2 Nf6 8. Nf4 Bh7 9. c3 e6 10. Bc4 Bd6 11. Nfh5 0-0 12. Nxf6+ Qxf6 13. Nh5 Qg6 14. 0-0 Nd7 15. Re1 Nf6 16. Nf4 Bxf4 17. Bxf4 Nd5 18. Bg3 Rfe8 19. Rc1 Rad8 20. a4 Nb6 21. Ba2 Qd3 22. a5 Qxd1 23. Rexd1 Nd5 24. Bc4 Rd7 25. Be2 Red8 26. a6 Nf6 27. f3 b6 28. Bf2 Nd5 29. Ra1 Nf4 30. Bf1 e5 31. Bg3 g5 32. Rac1 exd4 33. Bxf4 gxf4 34. Rxd4 Rxd4 35. cxd4 Rd6 36. Be2 Bf5 37. Kf2 Bc8 38. d5 c5 39. Bc4 Bd7 40. b4 cxb4 41. Bb3 Bb5 42. Rc7 Bxa6 43. Rxa7 b5 44. Ke2 Kg7 45. Kd3 Bc8 46. Kd4 Kf6 47. Kc5 Rd7 48. Ra2 Bb7 49. Rd2 Ke5 50. Rd4 Kf6 51. Re4 Kf5 52. Rxb4 Ke5 53. Re4+ Kf5 54. Re2 Kf6 55. d6 b4 56. Ba4 Rd8 57. d7 b3 58. Kd6 Bc8 59. Kc7 Bxd7 60. Bxd7 Ra8 61. Rb2 Ra2 62. Rxb3 Rxg2 63. Rb5 1-0